• 首页
  • 本馆介绍
  • 公告通知
  • 最新文献
  • 馆藏检索
  • 电子资源
  • 读者导购
  • 参考咨询
  • 我的图书馆
  • 登录
  • 详细信息显示
  • 放入我的书架
  • 预约/预借图书
  • 作者相关作品
  • 分类相关作品
  • 丛书相关作品
  • 出版社相关作品

书目信息

  • 表格格式
  • 工作单格式
  • 卡片格式
题名:
抗日战争
    
 
作者: 王树增, 著
分册: 第一卷  
出版信息: 北京   人民文学出版社  2015.6
页数: 584页,[2]页图版
开本: 24cm
丛书名: 王树增战争系列
单 册:
中图分类: I253.2 , K265.06
科图分类:
主题词: 纪实文学--ji shi wen xue--中国--当代 , 中国--zhong guo
电子资源:
ISBN: 978-7-02-011003-2
000 01139nam0 22002771 450
001 0127144131
005 20170427144131.0
010    @a978-7-02-011003-2@dCNY66.00
100    @a20150629d2015 ekmy0chiy50 ea
101 0  @achi
102    @aCN@b110000
105    @aaf z 000yy
106    @ar
200 1  @a抗日战争@Akang ri zhan zheng@h第一卷@f王树增著
210    @a北京@c人民文学出版社@d2015.6
215    @a584页,[2]页图版@d24cm
225 2  @a王树增战争系列@Awang shu zeng zhan zheng xi lie
330    @a王树增战争系列自2006年开始出版,至今已有《长征》《解放战争》《朝鲜战争》一系列作品问世。他开创了全新的战争史写作范式,也为战争文学树立了新标杆。这一系列作品所具备的坚实宏大的结构、国际的视角、对现实的关照以及详尽的资料,使他拥有了数百万忠实的读者,而万众期待的《抗日战争》将于2015年6月由人民文学出版社出版,至此中国战争系列作品将完满收官。
461  0 @12001 @a王树增战争系列
606 0  @a纪实文学@Aji shi wen xue@y中国@z当代
606 0  @a中国@Azhong guo
690    @aI253.2@v5
690    @aK265.06@v5
701  0 @a王树增,@Awang shu zeng ,@f1952-@4著
801  0 @aCN@bTANGWEI@c20170308
905    @b0967033-6@dI253.2@e973@f4
    
    抗日战争.第一卷/王树增著.-北京:人民文学出版社,2015.6
    584页,[2]页图版;24cm.-(王树增战争系列)
    
    
    ISBN 978-7-02-011003-2:CNY66.00
    王树增战争系列自2006年开始出版,至今已有《长征》《解放战争》《朝鲜战争》一系列作品问世。他开创了全新的战争史写作范式,也为战争文学树立了新标杆。这一系列作品所具备的坚实宏大的结构、国际的视角、对现实的关照以及详尽的资料,使他拥有了数百万忠实的读者,而万众期待的《抗日战争》将于2015年6月由人民文学出版社出版,至此中国战争系列作品将完满收官。
●
相关链接 在E读中查询图书 在五车中查询图书 在当当中查询图书 在豆瓣中查询图书


正题名:抗日战争     索取号:I253.2/973         预约/预借

序号 登录号 条形码 馆藏地/架位号 状态 备注
1 0967033   209670337   第一样本阅览室/ [索取号:I253.2/973] 在馆    
2 0967034   209670346   第二借阅区/ [索取号:I253.2/973] 在馆    
3 0967035   209670355   第二借阅区/ [索取号:I253.2/973] 在馆    
4 0967036   209670364   第二借阅区/ [索取号:I253.2/973] 在馆    
唐山师范学院图书馆 欢迎您!
大连网信软件有限公司© 版权所有